| 000 | 00581nam a22001577a 4500 | ||
|---|---|---|---|
| 999 |
_c534612 _d534612 |
||
| 020 | _qHard Cover. | ||
| 082 | _a628.05 | ||
| 100 | _aRazaq, Waseem Khan | ||
| 245 |
_aMuree Hills Forest Monitoring in the Context of Reducing Emission from Deforestation and Forest Degradaton (REDD+) _cWaseem Razaq Khan. |
||
| 260 |
_aIslamabad : _bIESE - NUST, _c2015. |
||
| 300 |
_aii, 37 p. ill. ; _c30cm. |
||
| 942 |
_2ddc _cTHE |
||
| 650 |
_aEnvironmental Science - MS Thesis. _916562 |
||
| 700 |
_aDr. Muhammad Fahim Khokhar. _916118 |
||